00362nam a2200157Ia 4500001000500000005001700005008004100022041000800063082002000071100002500091245003500116260000900151300002800160650000800188654000800196282020260306144835.0260306t2012||||xx |||||||||||||| ||spa|| aESP a230.2bM86 2012 aMorales, JoséeAUT 0aIntroducción a la teología c2012 a343 páginas :c23 cm. aGEN aCHU